[Event "1st 4NCL International Open"]
[Site "Telford"]
[Date "2018.11.02"]
[Round "3"]
[White "Arkell, Keith C"]
[Black "Fernandez, Daniel Howard"]
[Result "1-0"]
[WhiteElo "2436"]
[BlackElo "2461"]
[Annotator "TA"]
[PlyCount "61"]
[EventDate "2018.10.31"]
[EventType "swiss"]
[EventCountry "GBR"]
[SourceTitle "playchess.com"]
[Source "ChessBase"]
[SourceQuality "1"]

{[%evp 10,61,52,45,106,106,102,114,132,134,230,220,228,163,151,166,184,187,197,139,210,217,208,204,200,203,196,200,188,191,358,366,362,362,355,353,408,404,414,406,376,366,425,424,583,509,636,590,653,621,650,631,796,792]} 1. d4 d6 2. Nf3 g6 3. c4 Bg7 4. g3 e5 5. Nc3 Nc6 6. dxe5 dxe5 {A41: 1 d4 d6: Tartakower System and Modern Defence} ({Better is} 6... Nxe5 $14 7. Nxe5 Bxe5) (6... Nxe5 7. Nxe5 Bxe5 8. Bg2 Ne7 9. O-O O-O 10. Bh6 Bg7 11. Bxg7 Kxg7 12. Qd4+ f6 13. Rad1 Nc6 14. Qd2 Be6 15. Nd5 Qd7 16. Qc3 Qf7 17. b3 a5 {½-½ (65) Rakhmanov,A (2665)-Sachdev,T (2429) Dubai 2017}) 7. Qxd8+ $16 Kxd8 8. Bg5+ Nge7 {White is better.} 9. O-O-O+ Bd7 (9... Ke8 $16 {was called for.}) 10. Nd5 f5 11. Nf6 Bxf6 12. Bxf6 Rf8 13. Bxe5 ({Much less strong is} 13. Nxe5 Rxf6 14. Nxd7 (14. Rxd7+ Ke8 $11) 14... Rd6 $16) 13... Kc8 14. Bf4 $146 (14. Bg7 $18 Rg8 15. Bc3) ({Predecessor:} 14. Bc3) 14... Be6 (14... Ng8 $16 15. e3 Nf6) 15. b3 $18 a5 16. Bg2 a4 17. Kb2 Re8 18. Nd4 Nxd4 19. Rxd4 Bd7 $2 {[#]} (19... Nc6 20. Rd2 axb3) 20. Bxb7+ Kxb7 21. Rxd7 Rac8 22. e3 axb3 23. axb3 Ng8 24. Rxh7 Nf6 25. Rg7 Ne4 26. Rd1 {White is clearly winning.} Rh8 27. h4 g5 28. Bxg5 Nxf2 29. Rd5 Ne4 30. Bf4 Kb6 31. Rb5+ {Precision: White = 79%, Black = 43%.} 1-0

[Event "1st 4NCL International Open"]
[Site "Telford"]
[Date "2018.11.02"]
[Round "3"]
[White "Hebden, Mark L"]
[Black "Korneev, Oleg"]
[Result "1/2-1/2"]
[WhiteElo "2426"]
[BlackElo "2560"]
[Annotator "TA"]
[PlyCount "38"]
[EventDate "2018.10.31"]
[EventType "swiss"]
[EventCountry "GBR"]
[SourceTitle "playchess.com"]
[Source "ChessBase"]
[SourceQuality "1"]

{[%evp 14,38,-18,-6,1,-7,13,-8,0,-12,-12,-16,-17,-37,0,-1,-3,-14,0,0,0,0,0,0,0,-8,0]} 1. d4 d5 2. Nf3 Nf6 3. c4 e6 4. Bg5 dxc4 5. Qa4+ Nbd7 6. e4 {[%cal Be2e4,Be4e5][%mdl 32]} Be7 {D30: Queen's Gambit Declined: Systems without Nc3} 7. Nbd2 O-O 8. Bxc4 {LiveBook: 7 Games} c5 9. e5 Nd5 10. Bxe7 Nxe7 11. Bd3 Nc6 $146 ({Predecessor:} 11... cxd4 12. O-O b6 13. Qxd4 Nc5 14. Bxh7+ Kxh7 {1-0 (33) Hebden,M (2550)-Bryson,D (2380) Glasgow 1995}) 12. O-O Nxd4 13. Nxd4 {[#] Strongly threatening N4f3.} cxd4 14. Nf3 $36 {[%mdl 2048] The position is equal. White fights for an advantage.} b6 {White should prevent ...Nc5.} 15. Qc6 Rb8 {Hoping for ...Bb7.} 16. Qe4 {[%csl Gd3][%cal Re4h7]} g6 {Threatens to win with ...Bb7.} 17. Qxd4 Nc5 18. Be2 Bb7 19. Rfd1 Bxf3 1/2-1/2

[Event "1st 4NCL International Open"]
[Site "Telford"]
[Date "2018.11.01"]
[Round "3"]
[White "Hebden, Mark L"]
[Black "Korneev, Oleg"]
[Result "1/2-1/2"]
[WhiteElo "2426"]
[BlackElo "2560"]
[Annotator "TA"]
[PlyCount "38"]
[EventDate "2018.10.31"]
[EventType "swiss"]
[EventCountry "GBR"]
[SourceTitle "playchess.com"]
[Source "ChessBase"]
[SourceQuality "1"]

{[%evp 14,38,-4,-16,0,0,0,0,0,-18,2,-14,-4,-58,0,0,0,0,0,0,0,0,0,0,0,0,7]} 1. d4 d5 2. Nf3 Nf6 3. c4 e6 4. Bg5 dxc4 5. Qa4+ Nbd7 6. e4 {[%cal Be2e4,Be4e5][%mdl 32]} Be7 {D30: Damengambit (ohne Sc3)} 7. Nbd2 O-O 8. Bxc4 {LiveBook: 7 Partien} c5 9. e5 Nd5 10. Bxe7 Nxe7 11. Bd3 Nc6 $146 ({Vorgänger:} 11... cxd4 12. O-O b6 13. Qxd4 Nc5 14. Bxh7+ Kxh7 {1-0 (33) Hebden,M (2550)-Bryson,D (2380) Glasgow 1995}) 12. O-O Nxd4 13. Nxd4 ({Lieber} 13. Rfd1 $11) 13... cxd4 ({Günstiger ist} 13... Nxe5 $15 14. Bxh7+ Kxh7 15. Qc2+ Ng6 16. Qxc5 b6 17. Qh5+ Kg8) 14. Nf3 $36 {[%mdl 2048] Die Stellung ist ausgeglichen. Weiss drückt.} b6 15. Qc6 Rb8 16. Qe4 {[%csl Gd3][%cal Re4h7] [#]} g6 {Und ...Lb7 würde nun gewinnen.} 17. Qxd4 Nc5 {Droht stark ...Dxd4.} 18. Be2 Bb7 19. Rfd1 Bxf3 1/2-1/2

[Event "1st 4NCL International Open"]
[Site "Telford"]
[Date "2018.11.01"]
[Round "3"]
[White "Pert, Richard G"]
[Black "Gonda, Laszlo"]
[Result "1/2-1/2"]
[WhiteElo "2408"]
[BlackElo "2528"]
[Annotator "TA"]
[PlyCount "41"]
[EventDate "2018.10.31"]
[EventType "swiss"]
[EventCountry "GBR"]
[SourceTitle "playchess.com"]
[Source "ChessBase"]
[SourceQuality "1"]

{[%evp 18,41,0,0,-12,-13,0,-8,29,29,29,27,31,25,23,15,15,0,43,-47,0,0,0,0,0,0]} 1. e4 e5 2. Nf3 Nc6 3. Bc4 Bc5 4. c3 {[%cal Bc2c3,Bc3d4,Bd4d5][%mdl 32]} Nf6 {[%cal Bg8f6,Bf6e4,Be4d6][%mdl 32]} 5. d4 exd4 6. cxd4 Bb4+ 7. Nbd2 {C54: Italienische Partie (Hauptvariante)} (7. Bd2 Nxe4 8. Bxb4 Nxb4 9. Bxf7+ Kxf7 10. Qb3+ Kf8 11. Qxb4+ Qe7 12. Qxe7+ Kxe7 13. O-O Kd8 14. Re1 Nf6 15. Nc3 d6 16. Ng5 Rf8 17. f3 a5 {½-½ (27) McShane,L (2647)-Matlakov,M (2707) Batumi 2018}) 7... Nxe4 8. d5 Ne7 9. O-O Bxd2 10. Nxd2 {LiveBook: 4 Partien} Nd6 11. Bb3 O-O 12. Nf3 $146 ({Vorgänger:} 12. Re1 b6 13. Nc4 Nxc4 14. Bg5 Re8 {½-½ (45) Harabor,M (2284)-Dunlop,G (2130) ICCF email 2011}) 12... Ng6 13. Bg5 f6 14. Be3 b6 15. Re1 {[%mdl 1024] Weiss hat Kompensation.} Bb7 16. Rc1 Re8 17. h4 {[%cal Bh2h4,Bh4h5,Bh5h6][%mdl 32]} Rc8 18. Nd4 (18. h5 $14 Ne5 19. Bf4) 18... Kh8 19. h5 {Die Stellung ist ausgeglichen.} Ne5 20. h6 g6 21. Bf4 {Precision: Weiß = 68%, Schwarz = 52%.} 1/2-1/2

[Event "1st 4NCL International Open"]
[Site "Telford"]
[Date "2018.11.01"]
[Round "3"]
[White "Eggleston, David J"]
[Black "Haria, Ravi"]
[Result "0-1"]
[WhiteElo "2406"]
[BlackElo "2436"]
[Annotator "TA"]
[PlyCount "70"]
[EventDate "2018.10.31"]
[EventType "swiss"]
[EventCountry "GBR"]
[SourceTitle "playchess.com"]
[Source "ChessBase"]
[SourceQuality "1"]

{[%evp 16,70,56,29,55,59,57,17,65,0,11,0,0,0,0,0,0,0,0,0,0,-73,-76,-82,-93,-108,-74,-73,-75,-89,44,0,110,125,103,106,119,114,287,70,65,6,11,0,0,0,0,0,10,-213,-219,-877,-872,-875,-873,-868,-867]} 1. e4 e6 2. d4 d5 3. Nc3 dxe4 4. Nxe4 Bd7 5. Nf3 Bc6 6. Bd3 Nd7 7. O-O Ngf6 8. Ng3 g6 {C10: French with 3 Nc3: Unusual Black 3rd moves and 3...dxe4} 9. Qe2 {LiveBook: 4 Games} Bxf3 (9... Bg7 10. Ne5 Nxe5 11. dxe5 Nd7 12. f4 O-O 13. Be4 Bxe4 14. Nxe4 Qe7 15. Be3 Rfd8 16. Rad1 {½-½ (64) So,W (2815)-Carlsen,M (2832) chess.com INT 2017}) 10. Qxf3 c6 {White is slightly better.} 11. h4 $146 ({Predecessor:} 11. Re1 Bg7 12. h4 O-O 13. h5 Qa5 14. c3 Rfe8 15. Bf4 e5 16. dxe5 Nxe5 17. Bxe5 Rxe5 18. hxg6 hxg6 19. Rxe5 Qxe5 {0-1 (85) Djukic,N (2534)-Rakhmanov,A (2610) Sarajevo 2014}) 11... h5 12. Ne2 ({Better is} 12. Re1 $14) 12... Bg7 $11 13. Nf4 O-O 14. Bxg6 fxg6 15. Nxe6 Qb6 {And now ...Rfe8 would win.} 16. Nxf8 Rxf8 17. Qb3+ Nd5 {[%cal Bf6d5,Bd5e7,Be7f5,Bf5g3][%mdl 32]} 18. c4 (18. c3 $11) 18... Ne7 $17 19. Bg5 Nf5 20. d5 Bd4 21. Rad1 Qxb3 22. axb3 Ng3 (22... cxd5 $17 23. cxd5 Bxb2) 23. Rd2 Re8 (23... cxd5 $11 24. Re1 Bb6) 24. dxc6 $16 bxc6 25. Rfd1 $1 c5 {[#]} 26. b4 $1 {[%mdl 512] bxc5 is the strong threat.} Re4 $2 {[#]} (26... Nf8 $16) (26... cxb4 27. Rxd4) 27. bxc5 $2 (27. Kh2 $1 $18 {[%cal Rh2g3]} Nf5 28. f3 Be5+ 29. Kh3) 27... Nxc5 $14 28. Kh2 (28. b4 $14 Ne6 29. Rd3) 28... Nf5 $11 29. f3 Be5+ 30. Kh3 Rxc4 31. Rd8+ Kh7 32. Rc8 $2 {[#]} (32. Rc1 $11 Rxc1 33. Bxc1) 32... Nd3 $1 $19 {[%cal Rd3f2][%mdl 512]} 33. g4 $2 (33. Rxd3 Rxc8 34. Rd7+ Kg8 35. Rxa7) 33... Nf2+ {Black is clearly winning.} 34. Kg2 Nxd1 35. Rxc4 Nfe3+ {Precision: White = 32%, Black = 41%.} 0-1

[Event "1st 4NCL International Open"]
[Site "Telford"]
[Date "2018.11.02"]
[Round "3"]
[White "Eggleston, David J"]
[Black "Haria, Ravi"]
[Result "0-1"]
[WhiteElo "2406"]
[BlackElo "2436"]
[Annotator "TA"]
[PlyCount "70"]
[EventDate "2018.10.31"]
[EventType "swiss"]
[EventCountry "GBR"]
[SourceTitle "playchess.com"]
[Source "ChessBase"]
[SourceQuality "1"]

{[%evp 19,70,44,48,10,56,0,8,0,0,0,0,0,0,0,0,0,0,-73,-83,-87,-108,-137,-64,-77,-75,-57,19,19,128,133,130,104,78,81,247,91,63,6,13,0,0,0,0,-12,11,-212,-205,-891,-889,-872,-885,-858,-852]} 1. e4 e6 2. d4 d5 3. Nc3 dxe4 4. Nxe4 Bd7 5. Nf3 Bc6 6. Bd3 Nd7 7. O-O Ngf6 8. Ng3 g6 {C10: French with 3 Nc3: Unusual Black 3rd moves and 3...dxe4} 9. Qe2 Bxf3 (9... Bg7 10. Ne5 Nxe5 11. dxe5 Nd7 12. f4 O-O 13. Be4 Bxe4 14. Nxe4 Qe7 15. Be3 Rfd8 16. Rad1 {½-½ (64) So,W (2815)-Carlsen,M (2832) chess.com INT 2017}) 10. Qxf3 c6 $1 {LiveBook: 3 Games. White is slightly better.} 11. h4 $146 ({Predecessor:} 11. Re1 Bg7 12. h4 O-O 13. h5 Qa5 14. c3 Rfe8 15. Bf4 e5 16. dxe5 Nxe5 17. Bxe5 Rxe5 18. hxg6 hxg6 19. Rxe5 Qxe5 {0-1 (85) Djukic,N (2534)-Rakhmanov,A (2610) Sarajevo 2014}) 11... h5 12. Ne2 ({Better is} 12. Bg5 $14) 12... Bg7 13. Nf4 O-O 14. Bxg6 fxg6 15. Nxe6 Qb6 {Strongly threatening ...Rfe8.} 16. Nxf8 Rxf8 17. Qb3+ Nd5 {[%cal Bf6d5,Bd5e7,Be7f5,Bf5g3][%mdl 32]} 18. c4 (18. c3 $11 {keeps the balance.}) 18... Ne7 $1 $17 19. Bg5 Nf5 20. d5 Bd4 ({Black should try} 20... Bxb2 $17 21. dxc6 bxc6) 21. Rad1 $15 Qxb3 22. axb3 Ng3 ({Black should play} 22... cxd5 $15 23. cxd5 Bxb2) 23. Rd2 $11 Re8 (23... cxd5 $11 {remains equal.} 24. Re1 Bb6) 24. dxc6 $16 bxc6 25. Rfd1 $1 c5 26. b4 $1 {[%cal Rb4c5] aiming for bxc5.} Re4 $2 {[#]} (26... Nf8 $16 {was worth a try.}) 27. bxc5 $2 (27. Kh2 $1 $18 {[%cal Rh2g3] is the precise move to win.} Nf5 28. f3 Be5+ 29. Kh3) 27... Nxc5 28. Kh2 (28. b4 $14 Ne6 29. Rd3) 28... Nf5 $11 29. f3 Be5+ 30. Kh3 Rxc4 31. Rd8+ Kh7 32. Rc8 $2 {[#]} (32. Ra8 $11) 32... Nd3 $1 $19 {[%cal Rd3f2][%mdl 512]} 33. g4 $2 (33. Rxd3 Rxc8 34. Rd7+ Kg8 35. Rxa7) 33... Nf2+ {Black is clearly winning.} 34. Kg2 Nxd1 35. Rxc4 Nfe3+ {Precision: White = 40%, Black = 37%.} 0-1

[Event "1st 4NCL International Open"]
[Site "Telford"]
[Date "2018.11.02"]
[Round "3"]
[White "Rahul Srivatshav P"]
[Black "Richardson, John R"]
[Result "0-1"]
[WhiteElo "2395"]
[BlackElo "2213"]
[Annotator "ChessBase"]
[PlyCount "92"]
[EventDate "2018.10.31"]
[EventType "swiss"]
[EventCountry "GBR"]
[SourceTitle "playchess.com"]
[Source "ChessBase"]
[SourceQuality "1"]
[TimeControl "5400+30"]

1. d4 {[%emt 0:00:00]} Nf6 {[%emt 0:00:18]} 2. c4 {[%emt 0:00:00]} e6 {[%emt 0:00:07]} 3. Nc3 {[%emt 0:00:01]} Bb4 {[%emt 0:00:01]} 4. e3 {[%emt 0:00:07]} O-O {[%emt 0:00:06]} 5. Nge2 {[%emt 0:00:03]} d5 {[%emt 0:00:03]} 6. a3 {[%emt 0:00:04]} Be7 {[%emt 0:00:03]} 7. cxd5 {[%emt 0:00:43]} exd5 {[%emt 0:00:06]} 8. Nf4 {[%emt 0:00:21]} c6 {[%emt 0:00:04]} 9. Bd3 {[%emt 0:00:04]} Bd6 {[%emt 0:00:15]} 10. O-O {[%emt 0:00:08]} a5 {[%emt 0:00:03]} 11. Bd2 {[%emt 0:01:01]} Na6 {[%emt 0:00:04]} 12. f3 {[%emt 0:00:04]} Nc7 {[%emt 0:00:20]} 13. Qe1 {[%emt 0:00:48]} Ne6 {[%emt 0:00:21]} 14. Nfe2 {[%emt 0:00:17]} Bc7 {[%emt 0:17:16]} 15. Qf2 {[%emt 0:09:03]} b6 {[%emt 0:01:59]} 16. g4 {[%emt 0:04:11]} Ba6 {[%emt 0:03:01]} 17. Bc2 {[%emt 0:03:43]} c5 {[%emt 0:00:45]} 18. Qg2 {[%emt 0:05:23]} b5 {[%emt 0:11:14]} 19. g5 {[%emt 0:10:55]} Ne8 {[%emt 0:03:05]} 20. f4 {[%emt 0:07:14]} b4 {[%emt 0:00:04]} 21. axb4 {[%emt 0:00:23]} cxb4 {[%emt 0:05:41]} 22. Nxd5 {[%emt 0:02:07]} Bxe2 {[%emt 0:01:49]} 23. Nxc7 {[%emt 0:00:25]} Bxf1 {[%emt 0:01:49]} 24. Qxa8 {[%emt 0:00:59]} Qxc7 {[%emt 0:02:31]} 25. Qe4 {[%emt 0:00:06]} g6 {[%emt 0:00:21]} 26. Rxf1 {[%emt 0:00:09]} Nd6 {[%emt 0:00:14]} 27. Qd3 {[%emt 0:00:07]} Nf5 {[%emt 0:00:56]} 28. Bd1 {[%emt 0:05:52]} Qb6 {[%emt 0:08:43]} 29. Bg4 {[%emt 0:02:00]} Nd6 {[%emt 0:05:27]} 30. Ra1 {[%emt 0:05:16]} Re8 {[%emt 0:00:48]} 31. Kf2 {[%emt 0:01:40]} h6 {[%emt 0:05:49]} 32. h4 {[%emt 0:07:40]} hxg5 {[%emt 0:05:44]} 33. hxg5 {[%emt 0:00:15]} Nxg5 {[%emt 0:00:38]} 34. fxg5 {[%emt 0:02:09]} Ne4+ {[%emt 0:00:03]} 35. Kg2 {[%emt 0:04:06]} Qd8 {[%emt 0:03:38]} 36. Rf1 {[%emt 0:12:52]} Qxg5 {[%emt 0:00:13]} 37. Rf4 {[%emt 0:00:04]} f5 {[%emt 0:02:16]} 38. Qb5 {[%emt 0:04:14]} Re7 {[%emt 0:08:27]} 39. Be1 {[%emt 0:04:01]} Nf6 {[%emt 0:00:23]} 40. Qb8+ {[%emt 0:05:24]} Kg7 {[%emt 0:01:00]} 41. Kf3 {[%emt 0:02:52]} Nxg4 {[%emt 0:00:30]} 42. e4 {[%emt 0:00:03]} Qh5 {[%emt 0:03:24]} 43. Bg3 {[%emt 0:00:56]} Qh1+ {[%emt 0:01:26]} 44. Ke2 {[%emt 0:00:09]} Qg2+ {[%emt 0:02:01]} 45. Kd3 {[%emt 0:00:18]} Qxg3+ {[%emt 0:00:53]} 46. Kc4 {[%emt 0:00:01]} Ne5+ {[%emt 0:00:56]} 0-1

[Event "1st 4NCL International Open"]
[Site "Telford"]
[Date "2018.11.02"]
[Round "3"]
[White "Gourlay, Iain"]
[Black "Ratnesan, Ranesh"]
[Result "1/2-1/2"]
[WhiteElo "2358"]
[BlackElo "1994"]
[Annotator "ChessBase"]
[PlyCount "108"]
[EventDate "2018.10.31"]
[EventType "swiss"]
[EventCountry "GBR"]
[SourceTitle "playchess.com"]
[Source "ChessBase"]
[SourceQuality "1"]
[TimeControl "5400+30"]

1. Nf3 {[%emt 0:00:00]} Nf6 {[%emt 0:00:00]} 2. g3 {[%emt 0:00:49]} g6 {[%emt 0:00:00]} 3. c4 {[%emt 0:00:43]} Bg7 {[%emt 0:00:21]} 4. Bg2 {[%emt 0:00:16]} O-O {[%emt 0:00:21]} 5. O-O {[%emt 0:00:33]} d6 {[%emt 0:00:14]} 6. Nc3 {[%emt 0:00:35]} e5 {[%emt 0:00:56]} 7. d3 {[%emt 0:01:31]} Nc6 {[%emt 0:00:31]} 8. Rb1 {[%emt 0:00:35]} a5 {[%emt 0:00:18]} 9. a3 {[%emt 0:00:43]} Re8 {[%emt 0:02:44]} 10. e4 {[%emt 0:12:02]} Bg4 {[%emt 0:05:29]} 11. h3 {[%emt 0:09:11]} Bxf3 {[%emt 0:00:24]} 12. Bxf3 {[%emt 0:00:06]} Nd4 {[%emt 0:11:58]} 13. Bg2 {[%emt 0:04:21]} Nd7 {[%emt 0:04:17]} 14. Be3 {[%emt 0:06:09]} c6 {[%emt 0:03:13]} 15. h4 {[%emt 0:10:02]} Nc5 {[%emt 0:04:22]} 16. b3 {[%emt 0:16:48]} Nce6 {[%emt 0:02:13]} 17. Bh3 {[%emt 0:03:39]} f5 {[%emt 0:02:52]} 18. exf5 {[%emt 0:07:40]} gxf5 {[%emt 0:03:53]} 19. Qh5 {[%emt 0:08:44]} Qf6 {[%emt 0:02:19]} 20. Kh1 {[%emt 0:04:54]} Qg6 {[%emt 0:03:34]} 21. Qxg6 {[%emt 0:02:22]} hxg6 {[%emt 0:00:08]} 22. Rfc1 {[%emt 0:01:29]} Nc5 {[%emt 0:04:30]} 23. b4 {[%emt 0:05:58]} axb4 {[%emt 0:04:37]} 24. axb4 {[%emt 0:00:05]} Nxd3 {[%emt 0:00:32]} 25. Rd1 {[%emt 0:00:08]} e4 {[%emt 0:00:15]} 26. Bf1 {[%emt 0:01:01]} Nc2 {[%emt 0:00:24]} 27. Bxd3 {[%emt 0:01:21]} Nxe3 {[%emt 0:00:14]} 28. fxe3 {[%emt 0:00:24]} Bxc3 {[%emt 0:00:09]} 29. Bc2 {[%emt 0:00:59]} Be5 {[%emt 0:00:43]} 30. Bb3 {[%emt 0:00:35]} Kg7 {[%emt 0:01:05]} 31. Kg2 {[%emt 0:00:12]} Ra3 {[%emt 0:01:42]} 32. Kf2 {[%emt 0:00:25]} Rea8 {[%emt 0:00:46]} 33. Rd2 {[%emt 0:01:16]} Kf6 {[%emt 0:00:33]} 34. Rc2 {[%emt 0:00:25]} Ke7 {[%emt 0:00:36]} 35. b5 {[%emt 0:00:51]} g5 {[%emt 0:04:01]} 36. hxg5 {[%emt 0:00:25]} Rh8 {[%emt 0:00:28]} 37. Kg2 {[%emt 0:00:31]} Rg8 {[%emt 0:00:46]} 38. bxc6 {[%emt 0:00:35]} bxc6 {[%emt 0:00:07]} 39. Kh3 {[%emt 0:00:34]} Rxg5 {[%emt 0:00:16]} 40. Rg2 {[%emt 0:00:32]} Ra8 {[%emt 0:00:13]} 41. Kh2 {[%emt 0:00:18]} Rh8+ {[%emt 0:01:16]} 42. Kg1 {[%emt 0:00:04]} Rh3 {[%emt 0:00:41]} 43. Ba4 {[%emt 0:00:24]} Rhxg3 {[%emt 0:00:43]} 44. Rxg3 {[%emt 0:00:08]} Rxg3+ {[%emt 0:00:31]} 45. Kf2 {[%emt 0:00:06]} Rf3+ {[%emt 0:00:27]} 46. Ke2 {[%emt 0:00:05]} c5 {[%emt 0:00:32]} 47. Rb7+ {[%emt 0:00:36]} Kf6 {[%emt 0:00:24]} 48. Rb8 {[%emt 0:01:34]} Bg3 {[%emt 0:02:38]} 49. Bc6 {[%emt 0:00:47]} Rf2+ {[%emt 0:00:50]} 50. Kd1 {[%emt 0:00:06]} Kg5 {[%emt 0:00:43]} 51. Rg8+ {[%emt 0:00:32]} Kh4 {[%emt 0:00:15]} 52. Bd7 {[%emt 0:00:45]} Kh3 {[%emt 0:00:23]} 53. Rg5 {[%emt 0:00:42]} Kh4 {[%emt 0:08:33]} 54. Rxf5 {[%emt 0:00:24]} Rxf5 {[%emt 0:06:47]} 1/2-1/2

[Event "1st 4NCL International Open"]
[Site "Telford"]
[Date "2018.11.02"]
[Round "3"]
[White "Kulkarni, Rakesh"]
[Black "Paul, Nathanael"]
[Result "1/2-1/2"]
[WhiteElo "2297"]
[BlackElo "1890"]
[Annotator "ChessBase"]
[PlyCount "75"]
[EventDate "2018.10.31"]
[EventType "swiss"]
[EventCountry "GBR"]
[SourceTitle "playchess.com"]
[Source "ChessBase"]
[SourceQuality "1"]
[TimeControl "5400+30"]

1. c4 {[%emt 0:00:00]} c6 {[%emt 0:00:00]} 2. e4 {[%emt 0:00:00]} d5 {[%emt 0:00:00]} 3. exd5 {[%emt 0:00:00]} cxd5 {[%emt 0:00:00]} 4. cxd5 {[%emt 0:00:00]} Nf6 {[%emt 0:00:07]} 5. Qa4+ {[%emt 0:00:03]} Nbd7 {[%emt 0:03:54]} 6. Nc3 {[%emt 0:00:05]} g6 {[%emt 0:00:52]} 7. Nf3 {[%emt 0:00:05]} Bg7 {[%emt 0:00:17]} 8. Bc4 {[%emt 0:00:05]} O-O {[%emt 0:00:57]} 9. d3 {[%emt 0:00:02]} Nb6 {[%emt 0:05:33]} 10. Qb3 {[%emt 0:00:31]} e6 {[%emt 0:15:31]} 11. dxe6 {[%emt 0:01:56]} Bxe6 {[%emt 0:00:22]} 12. Bxe6 {[%emt 0:01:19]} Re8 {[%emt 0:00:10]} 13. O-O {[%emt 0:01:32]} Rxe6 {[%emt 0:00:28]} 14. d4 {[%emt 0:00:26]} Nfd5 {[%emt 0:03:06]} 15. Bg5 {[%emt 0:02:12]} f6 {[%emt 0:09:59]} 16. Bd2 {[%emt 0:01:45]} Qd7 {[%emt 0:00:23]} 17. a4 {[%emt 0:00:16]} Rc8 {[%emt 0:06:22]} 18. a5 {[%emt 0:04:42]} Nc4 {[%emt 0:01:10]} 19. Ra4 {[%emt 0:00:30]} Nxd2 {[%emt 0:07:27]} 20. Nxd2 {[%emt 0:00:27]} Nxc3 {[%emt 0:01:11]} 21. bxc3 {[%emt 0:00:06]} Rxc3 {[%emt 0:00:10]} 22. Qxc3 {[%emt 0:00:52]} Qxa4 {[%emt 0:00:06]} 23. Qc8+ {[%emt 0:00:31]} Re8 {[%emt 0:00:35]} 24. Qxb7 {[%emt 0:00:05]} Qxd4 {[%emt 0:02:46]} 25. Nb3 {[%emt 0:02:24]} Qc4 {[%emt 0:08:00]} 26. g3 {[%emt 0:00:51]} Qf7 {[%emt 0:03:50]} 27. a6 {[%emt 0:00:23]} Re7 {[%emt 0:03:45]} 28. Nc5 {[%emt 0:02:06]} Bf8 {[%emt 0:02:45]} 29. Rb1 {[%emt 0:09:35]} Qe8 {[%emt 0:07:30]} 30. Qd5+ {[%emt 0:01:01]} Kg7 {[%emt 0:00:16]} 31. Rb7 {[%emt 0:01:02]} Kh6 {[%emt 0:02:25]} 32. Nd7 {[%emt 0:01:37]} Re1+ {[%emt 0:09:05]} 33. Kg2 {[%emt 0:00:15]} Qe2 {[%emt 0:00:56]} 34. Nxf6 {[%emt 0:03:58]} Qf1+ {[%emt 0:04:01]} 35. Kf3 {[%emt 0:00:04]} Qe2+ {[%emt 0:01:29]} 36. Kg2 {[%emt 0:04:27]} Qf1+ {[%emt 0:00:31]} 37. Kf3 {[%emt 0:00:57]} Qe2+ {[%emt 0:00:10]} 38. Kg2 {[%emt 0:00:27]} 1/2-1/2